Drapeaux d'Europe sans couleur Rouge - Statistiques

Statistiques générales
  • Ce quiz a été pris 394 fois
    393 depuis la dernière actualisation
  • Le résultat moyen est 6 sur 9
Statistiques - réponses
Réponse % Correct
Suède
89%
Finlande
83%
Grèce
79%
Estonie
77%
Irlande
77%
Ukraine
71%
Kosovo
58%
Saint-Marin
57%
Bosnie-Herzégovine
50%
Aucun quiz correspondant
Distribution des résultats
% des personnes avec chaque résultat
Percentile par nombre de réponses
Votre historique - résultats
Vous n’avez pas pris ce quiz depuis la dernière actualisation